[Event "SF Stadtlohn 1 - SV Heiden 2"]
[Site "Verbandsklasse, Gr. 1 2022/20"]
[Date "2023.01.28"]
[Round "4.1"]
[White "Wienen, Josef"]
[Black "Mullink, Jochem"]
[Result "0-1"]
[WhiteElo "1592"]
[BlackElo "2144"]
[PlyCount "54"]
[EventDate "2023.??.??"]
[SourceTitle "Verband Muensterland"]
[SourceDate "2022.10.26"]
[SourceVersion "1"]
[SourceVersionDate "2022.10.26"]
[SourceQuality "1"]
[WhiteTeam "SV Heiden 2"]
[BlackTeam "SF Stadtlohn 1"]

1. c4 e5 2. Nc3 Nf6 3. g3 d5 4. cxd5 Nxd5 5. Bg2 Nb6 6. Nf3 Nc6 7. O-O Be7 8.
d3 O-O 9. a3 a5 10. Be3 f5 11. Bxb6 cxb6 12. Qb3+ Kh8 13. Na4 Ra6 14. Nd2 e4
15. Rfe1 b5 16. Qxb5 Nd4 17. Qc4 b5 18. Qc1 bxa4 19. dxe4 Rc6 20. Qb1 Nc2 21.
exf5 Rc7 22. Rd1 Nxa1 23. Qxa1 Bxf5 24. e4 Qd7 25. Qc1 Bg4 26. f3 Be6 27. f4
Bb3 0-1

[Event "SF Stadtlohn 1 - SV Heiden 2"]
[Site "Verbandsklasse, Gr. 1 2022/20"]
[Date "2023.01.28"]
[Round "4.2"]
[White "Kloster, Josef"]
[Black "Dolle, Stefan"]
[Result "1/2-1/2"]
[WhiteElo "2044"]
[BlackElo "1817"]
[PlyCount "77"]
[EventDate "2023.??.??"]
[SourceTitle "Verband Muensterland"]
[SourceDate "2022.10.26"]
[SourceVersion "1"]
[SourceVersionDate "2022.10.26"]
[SourceQuality "1"]
[WhiteTeam "SF Stadtlohn 1"]
[BlackTeam "SV Heiden 2"]

1. e4 c5 2. Nf3 d6 3. d4 cxd4 4. Nxd4 Nf6 5. Nc3 g6 6. Be3 Bg7 7. f3 Nc6 8. Qd2
O-O 9. g4 Bd7 10. h4 h5 11. gxh5 Nxh5 12. Nxc6 bxc6 13. Bh6 Qa5 14. Bxg7 Kxg7
15. Bc4 Qe5 16. O-O-O Qf4 17. Qxf4 Nxf4 18. Ne2 Nxe2+ 19. Bxe2 Rh8 20. f4 Rh6
21. h5 Rah8 22. Rhg1 Kf8 23. hxg6 Rxg6 24. Rxg6 fxg6 25. Kd2 Kg7 26. b4 Rh4 27.
Rf1 g5 28. Ke3 gxf4+ 29. Rxf4 Rxf4 30. Kxf4 Kf6 31. c4 e5+ 32. Ke3 Be6 33. a4
d5 34. c5 d4+ 35. Kf3 Ke7 36. b5 Bb3 37. b6 axb6 38. cxb6 Kd7 39. a5 1/2-1/2

[Event "SF Stadtlohn 1 - SV Heiden 2"]
[Site "Verbandsklasse, Gr. 1 2022/20"]
[Date "2023.01.28"]
[Round "4.3"]
[White "Buchner, Ralf"]
[Black "Krosenbrink, Marcel"]
[Result "0-1"]
[WhiteElo "1651"]
[BlackElo "1871"]
[PlyCount "56"]
[EventDate "2023.??.??"]
[SourceTitle "Verband Muensterland"]
[SourceDate "2022.10.26"]
[SourceVersion "1"]
[SourceVersionDate "2022.10.26"]
[SourceQuality "1"]
[WhiteTeam "SV Heiden 2"]
[BlackTeam "SF Stadtlohn 1"]

1. d4 Nf6 2. Nc3 d5 3. Bf4 c6 4. e3 Bf5 5. Bd3 Bg6 6. Nf3 e6 7. O-O Nh5 8. Bg5
Be7 9. Bxe7 Qxe7 10. Re1 Nf6 11. e4 O-O 12. exd5 cxd5 13. a3 Nc6 14. b4 Rac8
15. Na4 Ne4 16. c4 Qf6 17. cxd5 exd5 18. Bxe4 Bxe4 19. Ne5 Nxe5 20. dxe5 Qg6
21. Rxe4 dxe4 22. Qd4 b6 23. Rd1 Qc6 24. Nb2 Qc3 25. Rd2 Qxd4 26. Rxd4 Rfd8 27.
Rxd8+ Rxd8 28. g3 b5 0-1

[Event "SF Stadtlohn 1 - SV Heiden 2"]
[Site "Verbandsklasse, Gr. 1 2022/20"]
[Date "2023.01.28"]
[Round "4.5"]
[White "Spoeler, Gerd"]
[Black "Busswolder, Peter"]
[Result "1/2-1/2"]
[WhiteElo "1640"]
[BlackElo "1777"]
[PlyCount "53"]
[EventDate "2023.??.??"]
[SourceTitle "Verband Muensterland"]
[SourceDate "2022.10.26"]
[SourceVersion "1"]
[SourceVersionDate "2022.10.26"]
[SourceQuality "1"]
[WhiteTeam "SV Heiden 2"]
[BlackTeam "SF Stadtlohn 1"]

1. d4 d5 2. c4 c6 3. Nc3 Nf6 4. Bg5 e6 5. Nf3 Be7 6. e3 Nbd7 7. Be2 Qa5 8. O-O
O-O 9. a3 dxc4 10. Bxc4 Qc7 11. Rc1 Nb6 12. Ba2 Nfd5 13. Bxe7 Qxe7 14. Ne4 Nf6
15. Qd3 Nbd7 16. Qb1 e5 17. Rfd1 h6 18. Rd2 Kh8 19. dxe5 Nxe5 20. Nxe5 Qxe5 21.
Nxf6 Qxf6 22. Qe4 Bf5 23. Qf4 Rad8 24. Rcd1 Rxd2 25. Rxd2 Rd8 26. Rxd8+ Qxd8
27. Qd4 1/2-1/2

[Event "SF Stadtlohn 1 - SV Heiden 2"]
[Site "Verbandsklasse, Gr. 1 2022/20"]
[Date "2023.01.28"]
[Round "4.7"]
[White "Blobel, Tobias"]
[Black "Kloster, Elisabeth"]
[Result "1-0"]
[WhiteElo "1661"]
[BlackElo "1717"]
[PlyCount "65"]
[EventDate "2023.??.??"]
[SourceTitle "Verband Muensterland"]
[SourceDate "2022.10.26"]
[SourceVersion "1"]
[SourceVersionDate "2022.10.26"]
[SourceQuality "1"]
[WhiteTeam "SV Heiden 2"]
[BlackTeam "SF Stadtlohn 1"]

1. d4 Nf6 2. c4 g6 3. Nc3 Bg7 4. e4 d6 5. Bf4 O-O 6. Be2 Nbd7 7. Nf3 c5 8. d5
Nb6 9. O-O Bg4 10. Qd3 Nfd7 11. h3 Bxf3 12. Bxf3 Ne5 13. Bxe5 Bxe5 14. Kh1 Nd7
15. Be2 f5 16. exf5 Rxf5 17. Bg4 Rf4 18. Ne2 Rf6 19. Rab1 h5 20. Be6+ Kg7 21.
f4 Bd4 22. Nxd4 cxd4 23. Qxd4 Nc5 24. f5 Qc7 25. fxg6 Nxe6 26. dxe6 Raf8 27.
Rxf6 Rxf6 28. Rf1 Qb6 29. Qc3 Kxg6 30. Qg3+ Kh6 31. Rxf6+ exf6 32. e7 Qc6 33.
Qe3+ 1-0

[Event "SF Stadtlohn 1 - SV Heiden 2"]
[Site "Verbandsklasse, Gr. 1 2022/20"]
[Date "2023.01.28"]
[Round "4.8"]
[White "Van Harxen, Luc"]
[Black "Meis, Jonas"]
[Result "1-0"]
[WhiteElo "1450"]
[BlackElo "1551"]
[PlyCount "115"]
[EventDate "2023.??.??"]
[SourceTitle "Verband Muensterland"]
[SourceDate "2022.10.26"]
[SourceVersion "1"]
[SourceVersionDate "2022.10.26"]
[SourceQuality "1"]
[WhiteTeam "SF Stadtlohn 1"]
[BlackTeam "SV Heiden 2"]

1. e4 c6 2. d4 d5 3. exd5 cxd5 4. Nf3 Nf6 5. Bg5 e6 6. Bb5+ Bd7 7. Nc3 Bxb5 8.
Bxf6 Qa5 9. Bg5 Nd7 10. Bd2 Bb4 11. Ne2 Bxd2+ 12. Qxd2 Qb6 13. c3 Nf6 14. O-O
Ne4 15. Qc2 Rc8 16. Rfe1 O-O 17. Nd2 f5 18. Nxe4 fxe4 19. Qd2 e5 20. Rad1 Rc6
21. Ng3 Rcf6 22. Nh1 Rf5 23. dxe5 Rxe5 24. Qd4 Qxd4 25. Rxd4 e3 26. f3 h5 27.
Ng3 Kh7 28. Ne2 g5 29. h3 Kg6 30. Nc1 Bc6 31. Nd3 Re6 32. Nb4 Rf5 33. Nxc6 bxc6
34. Rd3 Rfe5 35. Kf1 Kf5 36. g3 Kg6 37. Ke2 Re8 38. Red1 g4 39. f4 Re4 40. h4
Kf5 41. Rd4 R4e7 42. R1d3 Re4 43. Rxe4 Rxe4 44. Rxe3 c5 45. Rxe4 Kxe4 46. b3 a5
47. a3 d4 48. cxd4 Kxd4 49. Kd2 c4 50. b4 axb4 51. axb4 c3+ 52. Kc2 Ke3 53. b5
Kf3 54. b6 Kxg3 55. b7 Kf2 56. b8=Q g3 57. Qb6+ Kf1 58. f5 1-0

[Event "Indische Dame Münster 1 - SK Bocholt 2"]
[Site "Verbandsklasse, Gr. 1 2022/20"]
[Date "2023.01.28"]
[Round "4.1"]
[White "Burike, Christian"]
[Black "Diersen, Joerg"]
[Result "1/2-1/2"]
[WhiteElo "1734"]
[BlackElo "1861"]
[PlyCount "51"]
[EventDate "2023.??.??"]
[SourceTitle "Verband Muensterland"]
[SourceDate "2022.10.26"]
[SourceVersion "1"]
[SourceVersionDate "2022.10.26"]
[SourceQuality "1"]
[WhiteTeam "SK Bocholt 2"]
[BlackTeam "Indische Dame Münster 1"]

1. d4 Nf6 2. Bg5 e6 3. e4 h6 4. Bxf6 Qxf6 5. Nf3 d5 6. Bd3 c5 7. c3 Nc6 8. O-O
Bd7 9. exd5 exd5 10. Re1+ Be6 11. Ne5 Nxe5 12. dxe5 Qf4 13. Bb5+ Kd8 14. g3 Qg4
15. Be2 Qh3 16. Bf3 Kc7 17. Bxd5 Rd8 18. c4 Be7 19. Qf3 Rb8 20. Nc3 a6 21. Qe3
Rbd8 22. Rad1 Kb8 23. Bg2 Qg4 24. Bf3 Qxc4 25. b3 Qb4 26. Nd5 1/2-1/2

[Event "Indische Dame Münster 1 - SK Bocholt 2"]
[Site "Verbandsklasse, Gr. 1 2022/20"]
[Date "2023.01.28"]
[Round "4.2"]
[White "Langheinrich, Joern"]
[Black "Steverding, Tim"]
[Result "1/2-1/2"]
[WhiteElo "1856"]
[BlackElo "1544"]
[PlyCount "83"]
[EventDate "2023.??.??"]
[SourceTitle "Verband Muensterland"]
[SourceDate "2022.10.26"]
[SourceVersion "1"]
[SourceVersionDate "2022.10.26"]
[SourceQuality "1"]
[WhiteTeam "Indische Dame Münster 1"]
[BlackTeam "SK Bocholt 2"]

1. e4 c6 2. Nc3 d5 3. Nf3 Bg4 4. Be2 dxe4 5. Nxe4 e6 6. d4 Be7 7. c4 Nf6 8. Nc3
O-O 9. O-O Qc7 10. Ne5 Bxe2 11. Qxe2 Nbd7 12. Bf4 Nxe5 13. Bxe5 Qa5 14. a3 Nd7
15. b4 Qd8 16. Bg3 a6 17. Rfd1 Nf6 18. Rd3 Re8 19. Rad1 Rc8 20. Be5 Nd7 21. Rh3
Nxe5 22. dxe5 Qc7 23. Qh5 h6 24. Rg3 Bg5 25. Ne4 Qxe5 26. Nxg5 hxg5 27. Rxg5
Qf6 28. Rg3 Rcd8 29. Re1 Rd2 30. Rf3 g6 31. Qh6 Qd4 32. Qf4 Qxf4 33. Rxf4 Red8
34. Kf1 Ra2 35. Rf3 Rdd2 36. g3 g5 37. Re4 Kg7 38. h4 Ra1+ 39. Kg2 gxh4 40.
Rxh4 Rdd1 41. Rg4+ Kf8 42. Re3 1/2-1/2

[Event "Indische Dame Münster 1 - SK Bocholt 2"]
[Site "Verbandsklasse, Gr. 1 2022/20"]
[Date "2023.01.28"]
[Round "4.3"]
[White "Tepasse, Wilhelm"]
[Black "Knispel Roth, Martin"]
[Result "1/2-1/2"]
[WhiteElo "1741"]
[BlackElo "1839"]
[PlyCount "73"]
[EventDate "2023.??.??"]
[SourceTitle "Verband Muensterland"]
[SourceDate "2022.10.26"]
[SourceVersion "1"]
[SourceVersionDate "2022.10.26"]
[SourceQuality "1"]
[WhiteTeam "SK Bocholt 2"]
[BlackTeam "Indische Dame Münster 1"]

1. Nf3 Nf6 2. g3 b6 3. Bg2 Bb7 4. O-O e6 5. d4 Be7 6. Re1 d5 7. Ne5 Nfd7 8. Nf3
O-O 9. Nbd2 f5 10. Nf1 Nf6 11. Ne5 Nbd7 12. f4 Nxe5 13. dxe5 Ne4 14. Bxe4 fxe4
15. c3 Qe8 16. Be3 Kh8 17. Qb3 c5 18. Bf2 Qc6 19. e3 Ba6 20. Qd1 Bd3 21. Qg4
Rae8 22. h4 Bd8 23. Kg2 Qd7 24. Nd2 c4 25. Rh1 Qf7 26. h5 Rg8 27. b4 g5 28.
hxg6 Rxg6 29. Qh5 a6 30. Rh2 Reg8 31. Rah1 R8g7 32. Qd1 Qd7 33. Rh6 Rxh6 34.
Rxh6 Rg6 35. Qh5 Qg7 36. Rxg6 Qxg6 37. Qxg6 1/2-1/2

[Event "Indische Dame Münster 1 - SK Bocholt 2"]
[Site "Verbandsklasse, Gr. 1 2022/20"]
[Date "2023.01.28"]
[Round "4.4"]
[White "Tenberge, Norbert"]
[Black "Schlebusch, Daniel"]
[Result "1/2-1/2"]
[WhiteElo "1778"]
[BlackElo "1672"]
[PlyCount "123"]
[EventDate "2023.??.??"]
[SourceTitle "Verband Muensterland"]
[SourceDate "2022.10.26"]
[SourceVersion "1"]
[SourceVersionDate "2022.10.26"]
[SourceQuality "1"]
[WhiteTeam "Indische Dame Münster 1"]
[BlackTeam "SK Bocholt 2"]

1. d4 Nf6 2. Nf3 d5 3. e3 c5 4. c4 cxd4 5. exd4 e6 6. Nc3 a6 7. a4 Nc6 8. Be2
dxc4 9. Bxc4 Bb4 10. O-O O-O 11. Bg5 h6 12. Bf4 Ne7 13. Qb3 Qa5 14. Na2 Ned5
15. Nxb4 Nxf4 16. Rfe1 Rd8 17. Nd3 Nxd3 18. Bxd3 Bd7 19. Qa3 Bc6 20. Bf1 b5 21.
b4 Qb6 22. axb5 axb5 23. Qc3 Rxa1 24. Rxa1 Bxf3 25. Qxf3 Qxd4 26. Ra8 Rxa8 27.
Qxa8+ Kh7 28. Bxb5 Ne4 29. Qa2 Qxb4 30. Bf1 Qe1 31. Qe2 Qxe2 32. Bxe2 Nd6 33.
h4 f5 34. f4 Kg6 35. Kf2 Ne4+ 36. Kf3 Kf6 37. Bd3 Nd6 38. Bb1 Nc8 39. Bc2 Ne7
40. Ba4 Ng6 41. g3 Ne7 42. Bb5 g5 43. hxg5+ hxg5 44. fxg5+ Kxg5 45. Bc4 Nc6 46.
Ba6 Ne5+ 47. Kg2 Ng4 48. Kf3 e5 49. Bb7 Nf6 50. Bc8 e4+ 51. Kg2 Kg4 52. Ba6 Nd5
53. Be2+ Kg5 54. Bb5 Nc3 55. Ba6 Kg4 56. Kf2 Nd5 57. Be2+ Kh3 58. Bf1+ Kh2 59.
Bc4 Nf6 60. Be6 Ng4+ 61. Ke2 Nh6 62. Ke3 1/2-1/2

[Event "Indische Dame Münster 1 - SK Bocholt 2"]
[Site "Verbandsklasse, Gr. 1 2022/20"]
[Date "2023.01.28"]
[Round "4.5"]
[White "Harbring, Thorben"]
[Black "Glotzbach, Thomas"]
[Result "1-0"]
[WhiteElo "1541"]
[BlackElo "1777"]
[PlyCount "57"]
[EventDate "2023.??.??"]
[SourceTitle "Verband Muensterland"]
[SourceDate "2022.10.26"]
[SourceVersion "1"]
[SourceVersionDate "2022.10.26"]
[SourceQuality "1"]
[WhiteTeam "SK Bocholt 2"]
[BlackTeam "Indische Dame Münster 1"]

1. e4 e6 2. d4 d5 3. exd5 exd5 4. Bd3 Nf6 5. Nf3 Bg4 6. c3 Bd6 7. Bg5 O-O 8.
O-O Re8 9. Nbd2 h6 10. Bxf6 Qxf6 11. Qb3 c6 12. Rfe1 Nd7 13. Rxe8+ Rxe8 14.
Qxb7 Rb8 15. Qxa7 Rxb2 16. Rb1 Rxb1+ 17. Bxb1 Qf4 18. g3 Qf6 19. Kg2 Qe6 20.
Bd3 Bh3+ 21. Kg1 Bg4 22. a4 c5 23. Qa8+ Bf8 24. a5 c4 25. Bf1 Kh7 26. h3 Bxh3
27. Bxh3 Qxh3 28. Qxd5 Nf6 29. Qxf7 1-0

[Event "Indische Dame Münster 1 - SK Bocholt 2"]
[Site "Verbandsklasse, Gr. 1 2022/20"]
[Date "2023.01.28"]
[Round "4.6"]
[White "Wichmann, Norbert"]
[Black "Robeling, Stephan"]
[Result "0-1"]
[WhiteElo "1720"]
[BlackElo "1732"]
[PlyCount "98"]
[EventDate "2023.??.??"]
[SourceTitle "Verband Muensterland"]
[SourceDate "2022.10.26"]
[SourceVersion "1"]
[SourceVersionDate "2022.10.26"]
[SourceQuality "1"]
[WhiteTeam "Indische Dame Münster 1"]
[BlackTeam "SK Bocholt 2"]

1. d4 Nf6 2. c4 e6 3. Nf3 b6 4. g3 Bb7 5. Bg2 Bb4+ 6. Bd2 a5 7. O-O O-O 8. a3
Be7 9. Nc3 d6 10. b4 axb4 11. axb4 Nbd7 12. Qc2 c5 13. bxc5 bxc5 14. Rab1 Rb8
15. e4 cxd4 16. Nxd4 Ne5 17. Qa2 Qc8 18. Qa7 Nxc4 19. Be1 d5 20. Qa2 dxe4 21.
Nd1 Rd8 22. Bc3 Bd5 23. Rxb8 Qxb8 24. Qe2 Bb4 25. Nc6 Bxc6 26. Bxf6 gxf6 27.
Qxc4 Bd5 28. Qe2 Qe5 29. Ne3 f5 30. Qh5 Qf6 31. Rd1 Bc5 32. Nxd5 exd5 33. Bh3
e3 34. Bxf5 exf2+ 35. Kg2 h6 36. h4 Be3 37. Qf3 Qe5 38. Bd3 Rb8 39. Be2 d4 40.
Bc4 Qc7 41. Qg4+ Kh8 42. Qf5 Qxc4 43. Qe5+ Kh7 44. Qxb8 Qd5+ 45. Kh2 Qf3 46.
Qb1+ f5 47. Qd3 Kg7 48. Qf1 f4 49. gxf4 Bxf4# 0-1

[Event "Indische Dame Münster 1 - SK Bocholt 2"]
[Site "Verbandsklasse, Gr. 1 2022/20"]
[Date "2023.01.28"]
[Round "4.7"]
[White "Hellmann, Guenter"]
[Black "Ter Veen, Michael"]
[Result "0-1"]
[WhiteElo "1544"]
[BlackElo "1645"]
[PlyCount "64"]
[EventDate "2023.??.??"]
[SourceTitle "Verband Muensterland"]
[SourceDate "2022.10.26"]
[SourceVersion "1"]
[SourceVersionDate "2022.10.26"]
[SourceQuality "1"]
[WhiteTeam "SK Bocholt 2"]
[BlackTeam "Indische Dame Münster 1"]

1. e4 c5 2. Nf3 g6 3. c3 Bg7 4. d4 cxd4 5. cxd4 d6 6. Be2 e6 7. O-O Ne7 8. Nc3
O-O 9. Bf4 a6 10. Qd2 Nbc6 11. Bh6 f6 12. Bxg7 Kxg7 13. Rac1 Qa5 14. d5 exd5
15. exd5 Ne5 16. Rfd1 Bf5 17. Nxe5 fxe5 18. Qg5 Rf7 19. g4 Bd7 20. Ne4 Qb6 21.
Qh4 h6 22. b3 Raf8 23. Kg2 g5 24. Qg3 Ng6 25. Rc2 Rf4 26. f3 Nh4+ 27. Kh1 Nxf3
28. Bxf3 Rxf3 29. Qg2 R3f4 30. h3 Bb5 31. Re1 Bf1 32. Rxf1 Rxf1+ 0-1

[Event "Indische Dame Münster 1 - SK Bocholt 2"]
[Site "Verbandsklasse, Gr. 1 2022/20"]
[Date "2023.01.28"]
[Round "4.8"]
[White "Blume, Heidrun"]
[Black "Harbring, Morten"]
[Result "1/2-1/2"]
[WhiteElo "1591"]
[BlackElo "1309"]
[PlyCount "72"]
[EventDate "2023.??.??"]
[SourceTitle "Verband Muensterland"]
[SourceDate "2022.10.26"]
[SourceVersion "1"]
[SourceVersionDate "2022.10.26"]
[SourceQuality "1"]
[WhiteTeam "Indische Dame Münster 1"]
[BlackTeam "SK Bocholt 2"]

1. e4 e5 2. f4 exf4 3. Nf3 d6 4. Bc4 Nc6 5. d4 Bg4 6. O-O Nf6 7. Nc3 Be7 8.
Bxf4 Qd7 9. d5 Ne5 10. Bxe5 dxe5 11. Bb5 c6 12. dxc6 bxc6 13. Qxd7+ Bxd7 14.
Ba4 Bc5+ 15. Kh1 Bd4 16. Rad1 Bxc3 17. bxc3 c5 18. Bxd7+ Nxd7 19. Rd5 Rd8 20.
Nxe5 f6 21. Nxd7 Rxd7 22. Rxc5 O-O 23. Rd5 Rb7 24. Kg1 Rb2 25. c4 Rxc2 26. c5
Rc8 27. e5 fxe5 28. Rxe5 R2xc5 29. Re7 Ra5 30. Rff7 Rc1+ 31. Kf2 Rxa2+ 32. Kg3
Rc3+ 33. Rf3 Rxf3+ 34. Kxf3 h6 35. h4 Ra4 36. g3 g5 1/2-1/2

[Event "SC Hiltrup 1 - SK Dülmen 2"]
[Site "Verbandsklasse, Gr. 1 2022/20"]
[Date "2023.01.28"]
[Round "4.1"]
[White "Stein, Michael"]
[Black "Voigt, Stefan"]
[Result "1/2-1/2"]
[WhiteElo "1674"]
[BlackElo "1794"]
[PlyCount "46"]
[EventDate "2023.??.??"]
[SourceTitle "Verband Muensterland"]
[SourceDate "2022.10.26"]
[SourceVersion "1"]
[SourceVersionDate "2022.10.26"]
[SourceQuality "1"]
[WhiteTeam "SK Dülmen 2"]
[BlackTeam "SC Hiltrup 1"]

1. e4 c5 2. d4 cxd4 3. c3 dxc3 4. Nxc3 Nc6 5. Nf3 e6 6. Bc4 a6 7. O-O b5 8. Bb3
Bb7 9. Qe2 Na5 10. Bc2 Qc7 11. Rd1 Rd8 12. Nd5 Bxd5 13. exd5 Nf6 14. Bg5 Be7
15. dxe6 dxe6 16. Rac1 Rxd1+ 17. Qxd1 Qd7 18. Qe1 Nc4 19. b3 Nb6 20. Ne5 Qb7
21. Bd1 Nfd5 22. Bxe7 Qxe7 23. Bf3 O-O 1/2-1/2

[Event "SC Hiltrup 1 - SK Dülmen 2"]
[Site "Verbandsklasse, Gr. 1 2022/20"]
[Date "2023.01.28"]
[Round "4.2"]
[White "Buchholz, Christian"]
[Black "Doehler, Thorsten"]
[Result "1-0"]
[WhiteElo "1729"]
[BlackElo "1748"]
[PlyCount "39"]
[EventDate "2023.??.??"]
[SourceTitle "Verband Muensterland"]
[SourceDate "2022.10.26"]
[SourceVersion "1"]
[SourceVersionDate "2022.10.26"]
[SourceQuality "1"]
[WhiteTeam "SC Hiltrup 1"]
[BlackTeam "SK Dülmen 2"]

1. e4 e5 2. Nf3 d5 3. exd5 e4 4. Qe2 Nf6 5. Nc3 Be7 6. Nxe4 O-O 7. Nxf6+ Bxf6
8. d4 Qxd5 9. Qc4 Qe4+ 10. Be3 Be6 11. Qd3 Qg4 12. h3 Qh5 13. Be2 Bf5 14. Ne5
Bxd3 15. Bxh5 Bxc2 16. Rc1 Bxe5 17. dxe5 Be4 18. Rxc7 Na6 19. Re7 Rae8 20.
Bxf7+ 1-0

[Event "SC Hiltrup 1 - SK Dülmen 2"]
[Site "Verbandsklasse, Gr. 1 2022/20"]
[Date "2023.01.28"]
[Round "4.3"]
[White "Reufer, Berthold"]
[Black "Haves, Daniel"]
[Result "1/2-1/2"]
[WhiteElo "1612"]
[BlackElo "1650"]
[PlyCount "35"]
[EventDate "2023.??.??"]
[SourceTitle "Verband Muensterland"]
[SourceDate "2022.10.26"]
[SourceVersion "1"]
[SourceVersionDate "2022.10.26"]
[SourceQuality "1"]
[WhiteTeam "SK Dülmen 2"]
[BlackTeam "SC Hiltrup 1"]

1. e4 d6 2. d4 Nf6 3. Bd3 e5 4. Nf3 Nbd7 5. Bg5 Be7 6. dxe5 dxe5 7. Bxf6 Bxf6
8. Nc3 c6 9. Qd2 O-O 10. Rd1 Nc5 11. O-O Bg4 12. Be2 Ne6 13. Qxd8 Raxd8 14.
Rxd8 Rxd8 15. Rd1 Bxf3 16. Rxd8+ Bxd8 17. Bxf3 Nd4 18. Bd1 1/2-1/2

[Event "SC Hiltrup 1 - SK Dülmen 2"]
[Site "Verbandsklasse, Gr. 1 2022/20"]
[Date "2023.01.28"]
[Round "4.4"]
[White "Vera, Antonio"]
[Black "Wilms, Gerwin"]
[Result "1/2-1/2"]
[WhiteElo "1648"]
[BlackElo "1563"]
[PlyCount "31"]
[EventDate "2023.??.??"]
[SourceTitle "Verband Muensterland"]
[SourceDate "2022.10.26"]
[SourceVersion "1"]
[SourceVersionDate "2022.10.26"]
[SourceQuality "1"]
[WhiteTeam "SC Hiltrup 1"]
[BlackTeam "SK Dülmen 2"]

1. d4 d5 2. c4 e6 3. Nc3 c6 4. cxd5 exd5 5. Nf3 Nf6 6. Bg5 Be7 7. e3 Bf5 8. Bd3
Bxd3 9. Qxd3 Nbd7 10. O-O O-O 11. a3 a5 12. Nd2 Rc8 13. h3 Ne4 14. Ncxe4 dxe4
15. Bxe7 Qxe7 16. Qb3 1/2-1/2

[Event "SC Hiltrup 1 - SK Dülmen 2"]
[Site "Verbandsklasse, Gr. 1 2022/20"]
[Date "2023.01.28"]
[Round "4.5"]
[White "Moews, Robert"]
[Black "May, Peter"]
[Result "1-0"]
[WhiteElo "1580"]
[BlackElo "1598"]
[PlyCount "83"]
[EventDate "2023.??.??"]
[SourceTitle "Verband Muensterland"]
[SourceDate "2022.10.26"]
[SourceVersion "1"]
[SourceVersionDate "2022.10.26"]
[SourceQuality "1"]
[WhiteTeam "SK Dülmen 2"]
[BlackTeam "SC Hiltrup 1"]

1. d4 d5 2. Nf3 Bf5 3. e3 Nf6 4. Ne5 Nbd7 5. g4 Bg6 6. Nxg6 hxg6 7. Bg2 e6 8.
Nd2 Bd6 9. f4 Ne4 10. Nxe4 dxe4 11. Bxe4 Qh4+ 12. Kf1 O-O-O 13. Qe2 f5 14. Bf3
Nf6 15. h3 Ne4 16. Bxe4 fxe4 17. g5 Rhf8 18. Kg2 e5 19. dxe5 Be7 20. Bd2 Bxg5
21. Be1 Qh8 22. Qg4+ Rf5 23. fxg5 Kb8 24. Bc3 Qe8 25. h4 Qa4 26. Rhd1 Qxc2+ 27.
Kh1 Rxd1+ 28. Rxd1 b5 29. Rd2 Qc1+ 30. Kh2 Qb1 31. Qe2 c6 32. Rd8+ Kb7 33. Kg2
Qxa2 34. Qd2 Qc4 35. Rd7+ Ka6 36. Qe1 b4 37. Qa1+ Kb5 38. Rb7+ Kc5 39. Bxb4+
Kd5 40. Qd1+ Kxe5 41. Re7+ Qe6 42. Qd4# 1-0

[Event "SC Hiltrup 1 - SK Dülmen 2"]
[Site "Verbandsklasse, Gr. 1 2022/20"]
[Date "2023.01.28"]
[Round "4.6"]
[White "Schmidt, Juergen"]
[Black "Krimphove, Martin"]
[Result "1-0"]
[WhiteElo "1636"]
[BlackElo "1604"]
[PlyCount "56"]
[EventDate "2023.??.??"]
[SourceTitle "Verband Muensterland"]
[SourceDate "2022.10.26"]
[SourceVersion "1"]
[SourceVersionDate "2022.10.26"]
[SourceQuality "1"]
[WhiteTeam "SC Hiltrup 1"]
[BlackTeam "SK Dülmen 2"]

1. e4 e5 2. Bc4 Nf6 3. d4 exd4 4. Nf3 Be7 5. e5 Ne4 6. Qxd4 Nc5 7. Nc3 Ne6 8.
Qg4 d5 9. Nxd5 Ng5 10. Qg3 Nxf3+ 11. Qxf3 O-O 12. Bf4 c6 13. Nxe7+ Qxe7 14. O-O
Be6 15. Bd3 Nd7 16. Qg3 f6 17. exf6 Nxf6 18. Bd6 Nh5 19. Bxe7 Nxg3 20. hxg3 Rf7
21. Ba3 b5 22. b3 a6 23. Rfe1 Bd7 24. Re5 a5 25. Bc5 a4 26. b4 Re8 27. Rae1
Rxe5 28. Rxe5 Bg4 1-0

[Event "SC Hiltrup 1 - SK Dülmen 2"]
[Site "Verbandsklasse, Gr. 1 2022/20"]
[Date "2023.01.28"]
[Round "4.7"]
[White "Ulunque Villazon, Humberto"]
[Black "Jeromin, Rudolf Gustav"]
[Result "0-1"]
[WhiteElo "1618"]
[BlackElo "1567"]
[PlyCount "58"]
[EventDate "2023.??.??"]
[SourceTitle "Verband Muensterland"]
[SourceDate "2022.10.26"]
[SourceVersion "1"]
[SourceVersionDate "2022.10.26"]
[SourceQuality "1"]
[WhiteTeam "SK Dülmen 2"]
[BlackTeam "SC Hiltrup 1"]

1. e4 e5 2. Nf3 Nc6 3. Bb5 a6 4. Ba4 Nf6 5. O-O d6 6. Nc3 b5 7. Bb3 Na5 8. d4
Nxb3 9. axb3 Bg4 10. dxe5 Bxf3 11. gxf3 dxe5 12. Qxd8+ Kxd8 13. Nxb5 Bd6 14.
Rd1 Ke7 15. Nc3 h6 16. Be3 c6 17. Ne2 g6 18. Ra5 Nd7 19. Rda1 Nb8 20. f4 f6 21.
fxe5 fxe5 22. h4 h5 23. Nc1 Rf8 24. Nd3 Ke6 25. Nc5+ Bxc5 26. Bxc5 Rf4 27. R1a4
Rxh4 28. Bf8 Ra7 29. Bg7 Rxg7 0-1

[Event "SC Hiltrup 1 - SK Dülmen 2"]
[Site "Verbandsklasse, Gr. 1 2022/20"]
[Date "2023.01.28"]
[Round "4.8"]
[White "Voigt, Hartmut"]
[Black "Sindermann, Erwin"]
[Result "0-1"]
[WhiteElo "1528"]
[BlackElo "1698"]
[PlyCount "66"]
[EventDate "2023.??.??"]
[SourceTitle "Verband Muensterland"]
[SourceDate "2022.10.26"]
[SourceVersion "1"]
[SourceVersionDate "2022.10.26"]
[SourceQuality "1"]
[WhiteTeam "SC Hiltrup 1"]
[BlackTeam "SK Dülmen 2"]

1. e4 c5 2. f4 d6 3. Nf3 Nc6 4. Nc3 g6 5. Nd5 Bg7 6. c3 e6 7. Ne3 Nf6 8. d3 O-O
9. Be2 Nh5 10. Nc2 f5 11. Ng5 Nf6 12. exf5 exf5 13. Ne3 Re8 14. Qb3+ d5 15. Bd2
Na5 16. Qa3 c4 17. dxc4 Bf8 18. c5 Nc4 19. Bxc4 dxc4 20. O-O-O b5 21. b3 Qc7
22. b4 Bb7 23. Qb2 Ne4 24. Nh3 Bg7 25. Be1 a5 26. Nd5 Bxd5 27. Rxd5 axb4 28.
Qxb4 Rxa2 29. Qxb5 Qa7 30. Qxc4 Qa3+ 31. Kd1 Ra1+ 32. Kc2 Qc1+ 33. Kd3 Qd1+ 0-1